000 00828nas a2200277 4500
001 BR0403658
003 BR-BrBNA
005 20231205104728.0
007 ta
008 230509b bl.|||p| |||| 00| 00por d
040 _aBR-BrBNA
_bpor
_cBiblioteca Nacional de Agricultura
041 _a(En)
072 _aL73
100 1 _aPortiansky, E.L.
100 1 _aQuiroga, M.A.
100 1 _aMachuca, M.A.
100 1 _aPerfumo, C.J.
245 1 _aMycoplasma suis in naturally infected pigs: an ultrastructural and morphometric study
650 _aSUÍNO
650 _aEPIRITROZOONOSE
650 _aBACTÉRIA
650 _aINFECÇÃO
773 0 _tPesquisa Veterinária Brasileira (Brazil)
_xISSN 0100-736X
_g(Jan-Mar 2004), v. 24(1) p. 1-5
_wBR0403658
909 _a202311
_bLúcia
_c55
_dLúcia Elande
942 _2AGRIS
_n0
_cANA
999 _c179446
_d179446